00541nam a2200169 i 4500001000700000003000900007005001700016007000300033008004100036100003900077245007000116260007400186300002000260600004100280710002600321852002400347120196ES-MaACL20251012063050.0t|070214s1971 cl |||| |dspa d1 aPérez Vidal, José, d1907-199014aLas tres vocaciones de Pérez Galdós / cJosé Pérez Vidal. aChile : bUniversidad, Facultad de Filosofía y Educación, c1971. a7 h. ; c23 cm.14aPérez Galdós, Benito,d1843-19202 aUniversidad de Chile. aES-MaACLj2087-F-10